000 00237nam a2200097Ia 4500
008 190216s9999||||xx |||||||||||||| ||und||
100 _aYogesan Nair
245 0 _aSookshma Moolagangal Krishiyil
260 _bKerala Basha Inst
942 _cBK
999 _c37796
_d37796